header

Chemical technology (Record no. 57229)

MARC details
000 -LEADER
fixed length control field 01401nam a2200349 a 4500
082 04 - DEWEY DECIMAL CLASSIFICATION NUMBER
Classification number 660
100 1# - MAIN ENTRY--AUTHOR NAME
Personal name Jess, Andrea.
245 10 - TITLE STATEMENT
Title Chemical technology
260 ## - PUBLICATION, DISTRIBUTION, ETC. (IMPRINT)
Place of publication Weinheim, Germany :
Name of publisher Wiley-VCH,
Year of publication c2013.
300 ## - PHYSICAL DESCRIPTION
Number of Pages 1 online resource (xxxvii, 850 p.) :
Other physical details ill.
650 #0 - SUBJECT ADDED ENTRY--TOPICAL TERM
Topical Term Chemistry, Technical.
Topical Term Chemical engineering.
700 1# - ADDED ENTRY--PERSONAL NAME
Personal name Wasserscheid, Peter.
856 40 - ELECTRONIC LOCATION AND ACCESS
Uniform Resource Identifier http://site.ebrary.com/lib/rucke/Doc?id=10674765
588 ## -
-- Description based on online resource; title from title page (ebrary, viewed April 13, 2013).

No items available.

© 2026 Rongo University
Contact us: librarian | system librarian | Rongo university